000 00802nam a22002411u 4500
001 05896
003 HDC
007 cr bn ---aaaaa
008 210121p2016 | d 00 engg
040 _aHDC
245 0 _aHalal value chain project Final report November 2016
260 _a[no place] :
_b[publisher not identified],
_c2016
300 _a 1 online resource (43 pages)
336 _atext
_2rdacontent
337 _acomputer
_2rdamedia
338 _aonline resource
_2rdacarrier
650 _aHalal value
_96210
650 _aValue chain analysis
_95140
856 _zRequest full-text at [email protected]
942 _2lcc
942 _cEIS
942 _kREPT 000216
999 _c3220
_d3220